Tour of Flanders Winners Since 1995 - Statistics

General Stats
  • This quiz has been taken 11 times
  • The average score is 17 of 31
Answer Stats
Year Answer % Correct
2025 Tadej Pogačar
100%
2023 Tadej Pogačar
100%
2014 Fabian Cancellara
88%
2013 Fabian Cancellara
88%
2010 Fabian Cancellara
88%
2024 Mathieu van der Poel
88%
2022 Mathieu van der Poel
88%
2020 Mathieu van der Poel
88%
2012 Tom Boonen
88%
2006 Tom Boonen
88%
2005 Tom Boonen
88%
1998 Johan Museeuw
75%
1995 Johan Museeuw
75%
2019 Alberto Bettiol
63%
2018 Niki Terpstra
63%
2017 Philippe Gilbert
63%
2016 Peter Sagan
50%
2007 Alessandro Ballan
38%
2000 Andrei Tchmil
38%
2011 Nick Nuyens
38%
2003 Peter van Petegem
38%
1999 Peter van Petegem
38%
2002 Andrea Tafi
25%
2021 Kasper Asgreen
25%
1997 Rolf Sørensen
25%
2009 Stijn Devolder
25%
2008 Stijn Devolder
25%
2015 Alexander Kristoff
13%
2001 Gianluca Bortolami
13%
1996 Michele Bartoli
13%
2004 Steffen Wesemann
13%
No matching quizzes found
Score Distribution
Percent of People with Each Score
Percentile by Number Answered
Your Score History
You have not taken this quiz